[Event "Asia-ch U20 Girls"]
[Site "Tagaytay City"]
[Date "2022.11.24"]
[Round "8"]
[White "Sadey, Rinoa Mariel"]
[Black "Cruz, Daniella Bianca"]
[Result "1-0"]
[WhiteElo "1819"]
[BlackElo "1233"]
[PlyCount "93"]
[EventDate "2022.11.19"]
[EventType "swiss"]
[EventRounds "9"]
[EventCountry "PHI"]
[SourceTitle "CBM 211 Extra"]
[Source "ChessBase"]
[SourceDate "2023.01.31"]
[SourceVersion "1"]
[SourceVersionDate "2023.01.31"]
[SourceQuality "1"]

1. e4 e6 2. d3 d5 3. Qe2 Nf6 4. Nf3 Be7 5. g3 0-0 6. e5 Nfd7 7. Bg2 c5 8. 0-0 Nc6 9. c4 d4 10. h4 h6 11. h5 f6 12. exf6 Nxf6 13. Nh4 Bd6 14. Bh3 Re8 15. Nd2 e5 16. Bxc8 Rxc8 17. Ne4 Nxe4 18. Qxe4 Be7 19. Nf5 Bg5 20. Bxg5 hxg5 21. h6 Qf6 22. Qd5+ Kh7 23. Nd6 Red8 24. Qe4+ Kxh6 25. Nxc8 Rxc8 26. Kg2 g6 27. Rh1+ Kg7 28. Rh2 Rf8 29. f3 Rh8 30. Rxh8 Kxh8 31. Rh1+ Kg7 32. Qd5 Qe7 33. a3 a6 34. Re1 Kf8 35. Qe4 Qf6 36. b4 cxb4 37. axb4 Nxb4 38. Qxb7 Nxd3 39. Qc8+ Kg7 40. Rh1 Ne1+ 41. Rxe1 Qe7 42. Rh1 Kf6 43. Rh8 Kg7 44. Qg8+ Kf6 45. Rh7 Qe6 46. Qf8+ Qf7 47. Qxf7# 1-0

[Event "Asia-ch U20 Girls"]
[Site "Tagaytay City"]
[Date "2022.11.20"]
[Round "2"]
[White "Susmita, Bhowmick"]
[Black "Sadey, Rinoa Mariel"]
[Result "0-1"]
[WhiteElo "1331"]
[BlackElo "1819"]
[PlyCount "72"]
[EventDate "2022.11.19"]
[EventType "swiss"]
[EventRounds "9"]
[EventCountry "PHI"]
[SourceTitle "CBM 211 Extra"]
[Source "ChessBase"]
[SourceDate "2023.01.31"]
[SourceVersion "1"]
[SourceVersionDate "2023.01.31"]
[SourceQuality "1"]

1. d4 c5 2. e3 Nf6 3. Nf3 d5 4. b3 Nc6 5. Bb2 Bg4 6. Be2 e6 7. Nbd2 Bd6 8. 0-0 0-0 9. c4 cxd4 10. Nxd4 Bxe2 11. Nxc6 Bxh2+ 12. Kh1 bxc6 13. Qxe2 Bd6 14. g3 e5 15. Kg2 Qe7 16. Nf3 h6 17. Rh1 a5 18. Nh4 Qe6 19. Rac1 a4 20. c5 Bc7 21. b4 a3 22. Bc3 Ne4 23. g4 Nxc3 24. Rxc3 Rfb8 25. Rb1 e4 26. Rcc1 Ra4 27. b5 Rxb5 28. Rxb5 cxb5 29. Nf5 Rc4 30. Rxc4 dxc4 31. c6 Kh7 32. Nd4 Qe5 33. Qc2 Qh2+ 34. Kf1 Qh3+ 35. Ke1 Ba5+ 36. Kd1 Qh1+ 0-1